Modelovanie a simulovanie činnosti akumulátorov pre uskladnenie energie z palivového článku pre aplikáciu v elektromobile

Guardado en:
Detalles Bibliográficos
Autor principal: Nemčok, Martin, 1985- (Autor)
Otros Autores: Ferencey, Viktor (Orientador)
Formato: Manuscrito Libro
Lenguaje:eslovaco
Publicado: Bratislava : STU v Bratislave FEI, 2012
Acceso en línea:VAIS
Etiquetas: Agregar Etiqueta
Sin Etiquetas, Sea el primero en etiquetar este registro!

MARC

LEADER 00000ntm a22000003a 4500
001 stu253528
005 20160527124912.0
008 120817s2012----xo------------------slo-d
040 |a STU  |b slo 
041 0 |a slo 
044 |a xo 
100 1 |a Nemčok, Martin,  |d 1985-  |4 aut  |u E  |T FEI Fakulta elektrotechniky a informatiky  |X 12022  |U E  |Y 30  |7 A000012022 
242 0 0 |a Modeling and simulation of battery as energy storage system for fuel cell for electric vehicle use  |y eng 
245 1 |a Modelovanie a simulovanie činnosti akumulátorov pre uskladnenie energie z palivového článku pre aplikáciu v elektromobile 
260 |a Bratislava :  |b STU v Bratislave FEI,  |c 2012 
300 |a 89 s  |c 4 príl. 
700 1 |a Ferencey, Viktor  |4 ths  |u E020  |U FEI Fakulta elektrotechniky a informatiky  |T FEI Ústav elektroenergetiky a aplikovanej elektrotechniky  |X 2209  |U E020  |Y 548  |7 2209 
856 4 |a info a plný text  |u http://is.stuba.sk/zp/portal_zp.pl?podrobnosti=81870  |3 VAIS 
996 |b 284EP10160  |c E*DIPL-10160  |l EE32  |s P  |a 0  |w stu253528_0001